|
|
|
|
| LEADER |
00000cam a2200000 7i4500 |
| 001 |
0000107697 |
| 005 |
20140908.0 |
| 008 |
100526 eng |
| 020 |
|
|
|a 0075698862
|
| 090 |
0 |
0 |
|a PRE SER
|
| 100 |
1 |
|
|a List, Jennifer
|
| 245 |
1 |
0 |
|a Sam And Matt (Level K Decodable Book 4)
|c Jennifer List
|
| 260 |
|
|
|a Ohio :
|b McGraw-Hill ,
|c c2002
|
| 300 |
|
|
|a 8p. :
|b ill.col. ;
|c 22cm.
|
| 440 |
|
0 |
|a Open Court Reading
|
| 650 |
0 |
0 |
|a Pre School
|x English
|
| 999 |
|
|
|a 0000263745
|b Buku
|c Koleksi Pinjaman Kanak-Kanak
|e Perbadanan Perpustakaan Awam Melaka
|
| 999 |
|
|
|a 0000263836
|b Buku
|c Koleksi Pinjaman Kanak-Kanak
|e Perpustakaan Cawangan Jasin
|
| 999 |
|
|
|a 0000263837
|b Buku
|c Koleksi Pinjaman Kanak-Kanak
|e Perpustakaan Cawangan Masjid Tanah
|
| 999 |
|
|
|a 0000263838
|b Buku
|c Koleksi Pinjaman Kanak-Kanak
|e Perpustakaan Cawangan Merlimau
|
| 999 |
|
|
|a 0000263839
|b Buku
|c Koleksi Pinjaman Kanak-Kanak
|e Perbadanan Perpustakaan Awam Melaka
|